[Event "Montreal Mercredi 01"]
[Site "Montreal"]
[Date "2011.02.08"]
[Round "5"]
[White "Dardoura, Khaled"]
[Black "Gates, Claude Eric"]
[Result "0-1"]
[WhiteElo "1633"]
[BlackElo "1742"]
[PlyCount "68"]
[EventDate "2011.01.12"]
[EventType "tourn"]
[EventRounds "5"]
[EventCountry "CAN"]
[SourceTitle "EXT 2013"]
[Source "ChessBase"]
[SourceDate "2012.11.22"]
[SourceVersion "1"]
[SourceVersionDate "2012.11.22"]
[SourceQuality "1"]

1. d4 Nf6 2. c4 e6 3. Nc3 Bb4 4. e3 0-0 5. Bd3 b6 6. Nf3 Bb7 7. 0-0 Bxc3 8. bxc3 d6 9. Qe2 Ne4 10. Qc2 f5 11. Qb3 Qe8 12. d5 Nc5 13. Qc2 Nxd3 14. Qxd3 Nd7 15. Ba3 Nf6 16. Nd4 exd5 17. Nxf5 Qe5 18. f4 Qe6 19. Nd4 Qf7 20. f5 dxc4 21. Qe2 Rfe8 22. Ne6 Bd5 23. Nf4 Be4 24. g4 Bd3 25. Nxd3 cxd3 26. Qxd3 Nxg4 27. Rae1 Qxa2 28. Re2 Qf7 29. Rf4 Ne5 30. Qc2 Qh5 31. Rff2 Ng4 32. Rf3 Nxh2 33. Rff2 Nf3+ 34. Kg2 Qg4+ 0-1

[Event "Montreal Mercredi 11"]
[Site "Montreal"]
[Date "2010.12.01"]
[Round "3"]
[White "Dardoura, Khaled"]
[Black "Millette, Sylvain"]
[Result "1/2-1/2"]
[WhiteElo "1558"]
[BlackElo "1561"]
[PlyCount "117"]
[EventDate "2010.11.17"]
[EventType "swiss"]
[EventRounds "5"]
[EventCountry "CAN"]
[SourceTitle "EXT 2013"]
[Source "ChessBase"]
[SourceDate "2012.11.22"]
[SourceVersion "1"]
[SourceVersionDate "2012.11.22"]
[SourceQuality "1"]

1. d4 Nf6 2. c4 g6 3. Nc3 d5 4. Bf4 c6 5. e3 Bg7 6. Nf3 Bg4 7. Qb3 Qb6 8. Be2 0-0 9. 0-0 Ne4 10. Rfd1 e6 11. h3 Bxf3 12. gxf3 dxc4 13. Bxc4 Qxb3 14. Bxb3 Nf6 15. Rac1 Nbd7 16. Na4 Nd5 17. Bh2 Bh6 18. Rd3 f5 19. Bxd5 exd5 20. Nc5 Nxc5 21. Rxc5 f4 22. e4 dxe4 23. fxe4 Rae8 24. f3 Rf7 25. Kg2 Rd7 26. Bg1 Bg7 27. Rc2 Kf7 28. Bf2 g5 29. h4 h6 30. b4 a6 31. Rd1 Bf6 32. hxg5 hxg5 33. d5 Be5 34. Bb6 Bc7 35. Bxc7 Rxc7 36. d6 Rd7 37. e5 Ke6 38. Re1 Rf8 39. Rd2 Rff7 40. Rde2 g4 41. Rh1 gxf3+ 42. Kxf3 Rh7 43. Rxh7 Rxh7 44. Re4 Kd5 45. Re2 Ke6 46. Rd2 Rf7 47. d7 Rxd7 48. Rxd7 Kxd7 49. Kxf4 Ke6 50. Ke4 b6 51. Kd4 a5 52. bxa5 bxa5 53. a4 c5+ 54. Kxc5 Kxe5 55. Kb5 Kd6 56. Kb6 Kd7 57. Kxa5 Kc7 58. Ka6 Kb8 59. Kb6 1/2-1/2

[Event "Montreal Mercredi 10"]
[Site "Montreal"]
[Date "2010.10.13"]
[Round "2"]
[White "Dardoura, Khaled"]
[Black "Baran, Marius"]
[Result "0-1"]
[WhiteElo "1557"]
[BlackElo "1592"]
[PlyCount "66"]
[EventDate "2010.10.06"]
[EventType "tourn"]
[EventRounds "5"]
[EventCountry "CAN"]
[SourceTitle "EXT 2013"]
[Source "ChessBase"]
[SourceDate "2012.11.22"]
[SourceVersion "1"]
[SourceVersionDate "2012.11.22"]
[SourceQuality "1"]

1. d4 d5 2. c4 e6 3. Nc3 Nf6 4. Bg5 Nbd7 5. Nf3 c6 6. e3 Qa5 7. Qc2 Ne4 8. Bf4 Bb4 9. Rc1 0-0 10. a3 Bxc3+ 11. bxc3 Qxa3 12. Bd3 Ndf6 13. 0-0 Qe7 14. c5 b6 15. cxb6 axb6 16. c4 Ba6 17. Ne5 Rfc8 18. Qb2 Qb7 19. f3 Nd6 20. c5 Bxd3 21. Nxd3 Nc4 22. Qb4 b5 23. Ra1 Nh5 24. e4 Nxf4 25. Nxf4 Rxa1 26. Rxa1 Ra8 27. Qe1 h6 28. Nd3 Rxa1 29. Qxa1 b4 30. exd5 exd5 31. Qe1 b3 32. Qc3 b2 33. Nb4 b1Q+ 0-1